Лидеры по производству среди российских регионов - Statistics

General Stats
  • This quiz has been taken 291 times
  • The average score is 5 of 15
Answer Stats
Продукт Регион % Correct
Алмазы Якутия
67%
Туризм Москва
61%
Морепродукты Мурманская область
53%
Вино Краснодарский край
50%
Нефть Ханты-Мансийский автономный округ
49%
Ткань Ивановская область
41%
Газ Ямало-Ненецкий автономный округ
40%
Каменный уголь Кемеровская область
36%
Водка Московская область
23%
Рис Краснодарский край
23%
Древесина Иркутская область
22%
Золото Красноярский край
16%
Картофель Брянская область
12%
Черная икра Вологодская область
5%
Пиво Волгоградская область
5%
No matching quizzes found
Score Distribution
Percent of People with Each Score
Percentile by Number Answered
Your Score History
You have not taken this quiz